=LDR 00000nam 2200000 4500 =001 INLIS000000000810365 =005 20251201091120 =035 ##$$a 0010-1225000003 =007 ta =008 251201###########################0#ara## =020 ##$$a 9786038011843 =082 ##$$a R 297.14 =084 ##$$a R 297.14 UTS u =245 ##$$a Syarh Al Ushul fii ilmi Ushul /$c Syaikh Muhammad bin Shalih al-Utsaimin =260 ##$$a Riyadh :$b Dar eshbelia,$c 2010 =300 ##$$a 331 hlm ; $c 23 cm =520 ##$$a Kitab syarah Ushul Fiqh; pembahasan prinsip penetapan hukum dalam Islam.